Formuła 1 - Klasyfikacja końcowa kierowców sezon 2025 - Statystyki

Ogólne statystyki
  • Ten quiz został rozwiązany 172 razy
  • Średni wynik to 15 z 21
Statystyki odpowiedzi
M. PKT. Odpowiedź % Poprawnych
2. 421 Max Verstappen
100%
1. 423 Lando Norris
99%
3. 410 Oscar Piastri
99%
5. 242 Charles Leclerc
93%
4. 319 George Russell
93%
6. 156 Lewis Hamilton
93%
7. 150 Kimi Antonelli
89%
9. 64 Carlos Sainz
75%
8. 73 Alexander Albon
73%
10. 56 Fernando Alonso
72%
20. 0 Franco Colapinto
65%
11. 51 Nico Hulkenberg
64%
12. 51 Isack Hadjar
63%
21. 0 Jack Doohan
61%
18. 22 Pierre Gasly
61%
14. 38 Liam Lawson
60%
13. 41 Oliver Bearman
59%
16. 33 Lance Stroll
58%
15. 38 Esteban Ocon
57%
19. 19 Gabriel Bortoleto
57%
17. 33 Yuki Tsunoda
57%
Nie znaleziono quizów pasujących do podanych kryteriów
Rozkład punktacji
Procent ludzi z każdym wynikiem
Percentyl według liczby udzielonych odpowiedzi
Twoja historia wyników
Nie rozwiązałeś tego quizu